قراءة القرآن الكريم : أحكام القراءة : (رقم التسجيلة. 114369)
[ عرض عادي ]
| 000 -الفاتح | |
|---|---|
| عناصر البيانات ثابتة الطول | 00813cam a2200181 i 4500 |
| 005 - تاريخ ووقت آخر معاملة | |
| حقل ضبط | 20251123083107.0 |
| 008 - عناصر البيانات ثابتة الطول | |
| عناصر البيانات ثابتة الطول | 250721s2009 jo gr 000 0 ara d |
| 082 14 - رقم تصنيف ديوي العشري | |
| رقم التصنيف | 211.2 |
| رقم المادة | س و ي |
| 100 1# - مدخل رئيسي – اسم شخصي | |
| الاسم الشخصي | سويد، عبد الله عبد الحميد |
| علاقة الشخص بالعمل/ دوره | مؤلف. |
| 245 10 - بيان العنوان | |
| العنوان | قراءة القرآن الكريم : أحكام القراءة : |
| بقية العنوان | ( سؤال و جواب ) / |
| بيان المسؤولية | الدكتور عبدالله عبدالحميد سويد، الشيخ القارىء الامين محمد قنيوه. |
| 264 31 - بيانات النشر، التوزيع…إلخ | |
| مكان النشر، التوزيع...إلخ | عمان : |
| اسم الناشر، الموزع...إلخ | دار زهران للنشر والتوزيع، |
| تاريخ النشر، التوزيع...إلخ | 2009. |
| 300 ## - الوصف المادي | |
| عدد الوحدات المكونة للوعاء | 177 صفحة. |
| 650 17 - مدخل إضافي بالموضوع - مصطلح موضوعي | |
| مصطلح موضوعي أو اسم جغرافي كعنصر مدخل | قرااات القرآن الكريم. |
| 650 17 - مدخل إضافي بالموضوع - مصطلح موضوعي | |
| مصطلح موضوعي أو اسم جغرافي كعنصر مدخل | آيات الاحكام. |
| 700 1# - مدخل إضافي - اسم شخصي | |
| الاسم الشخصي | قنيوه، الأمين محمد |
| علاقة الشخص بالعمل/ دوره | مؤلف. |
| 942 ## - بيانات إضافية (كوها) | |
| نوع التنصيف | Dewey Decimal Classification |
| نوع المادة (كوها) | كتب |
| حالة السحب | حالة الفقدان | مصدر التصنيف | حالة التلف | غير قابل للإعارة | المكتبة الرئيسية | المكتبة الحالية | موقع الرف | تاريخ التزويد | الرقم المتسلسل | Total Checkouts | رقم الإستدعاء | الباركود | تاريخ آخر ظهور | تاريخ الفاتورة | نوع المادة (كوها) |
|---|---|---|---|---|---|---|---|---|---|---|---|---|---|---|---|
| Dewey Decimal Classification | المكتبة المركزية | المكتبة المركزية | الإعارة | 28/05/2016 | 1626593 | 211.2 / س و ي | PLD00390321 | 28/07/2025 | 28/05/2016 | كتب | |||||
| Dewey Decimal Classification | مكتبة أبو علندا العامة | مكتبة أبو علندا العامة | الإعارة | 13/10/2008 | 1226664 | 211.2/سوي | PLD00044763 | 28/07/2025 | 13/10/2008 | كتب | |||||
| Dewey Decimal Classification | مكتبة أم قصير والمقابلين العامة | مكتبة أم قصير والمقابلين العامة | الإعارة | 13/10/2008 | 1226663 | 211.2/سوي | PLD00044762 | 28/07/2025 | 13/10/2008 | كتب | |||||
| Dewey Decimal Classification | مكتبة الأميرة ايمان العامة | مكتبة الأميرة ايمان العامة | الإعارة | 13/10/2008 | 1226656 | 211.2/سوي | PLD00044755 | 28/07/2025 | 13/10/2008 | كتب | |||||
| Dewey Decimal Classification | مكتبة الأميرة سلمى | مكتبة الأميرة سلمى | الإعارة | 16/06/2015 | 1464632 | 211.2/سوي | PLD00331554 | 28/07/2025 | 16/06/2015 | كتب | |||||
| Dewey Decimal Classification | مكتبة الجويدة | مكتبة الجويدة | الإعارة | 13/10/2008 | 1226659 | 211.2/سوي | PLD00044758 | 28/07/2025 | 13/10/2008 | كتب | |||||
| Dewey Decimal Classification | مكتبة الحسن العامة | مكتبة الحسن العامة | الإعارة | 13/10/2008 | 1226660 | 211.2/سوي | PLD00044759 | 28/07/2025 | 13/10/2008 | كتب | |||||
| Dewey Decimal Classification | مكتبة النصر العامة | مكتبة النصر العامة | الإعارة | 13/10/2008 | 1226666 | 211.2/سوي | PLD00044765 | 28/07/2025 | 13/10/2008 | كتب | |||||
| Dewey Decimal Classification | مكتبة صويلح العامة | مكتبة صويلح العامة | الإعارة | 13/10/2008 | 1226657 | 211.2/سوي | PLD00044756 | 28/07/2025 | 13/10/2008 | كتب | |||||
| Dewey Decimal Classification | مكتبة وادي السير العامة | مكتبة وادي السير العامة | الإعارة | 13/10/2008 | 1226665 | 211.2/سوي | PLD00044764 | 28/07/2025 | 13/10/2008 | كتب |